Países menos poblados de Europa - Estadísticas

Estadísticas generales
  • Esta prueba ha sido intentada 65 veces
  • La puntuación promedio es 11 de 15
Estadísticas de respuestas
Pista Respuesta % Correcto
1.358.000 habitantes Estonia
84%
1.883.000 habitantes Letonia
84%
2 865 000 habitantes Lituania
82%
341.000 habitantes Islandia
80%
441.000 habitantes Malta
80%
1.817.000 habitantes Macedonia del Norte
77%
628.000 habitantes Montenegro
77%
2 553 000 habitantes Moldavia
75%
625.900 habitantes Luxemburgo
71%
3 211 000 habitantes Bosnia y Herzegovina
68%
2.119.000 habitantes Eslovenia
68%
2 789 000 habitantes Albania
66%
1.207.300 habitantes Chipre*
64%
2 980 000 habitantes Armenia*
50%
3 686 000 habitantes Georgia*
43%
No se encontraron pruebas coincidentes
Distribución de puntuación
Porcentaje de gente con cada puntuación
Porcentaje por número respondido
Historial de tus puntuaciones
No has intentado esta prueba.